Responses for Show #7184 - Thursday, December 3, 2015

Contestants

[<< previous game]

Kelly Wright, a cataloging specialist from Rocky Ridge, Maryland

Jarrett Cabell, an actuary from Schaumberg, Illinois

Joyce Hshieh, an actress and writer from Chicago, Illinois (whose 3-day cash winnings total $39,403)

[next game >>]

Jeopardy! Round responses

OLD '97s
SOUNDS MEDICAL
STATES' LOWEST POINTS
THE NEW YORK TIMES: OBITUARIES
POTPOURRI
(Alex: Something about everything.)
THE FOOD WILL BE TELEVISED
    $200 11
Albany

Jarrett!
    $200 6
your feet

Kelly
    $200 12
Vermont

Jarrett!
    $200 1
(Hercule) Poirot

Joyce
    $200 16
water

Joyce
    $400 20
Peter the Great

Jarrett!
    $400 7
take a temperature

Kelly
    $400 13
(Jarrett: What is Minnetonka?)
(Joyce: What is Lake Michigan?)

Lake Superior

JoyceJarrett!
Triple Stumper
    $400 2
Robin Williams

Kelly
    $400 17
a manger

Triple Stumper
    $600 21
Vasco da Gama

Joyce
    $600 8
draw blood

Kelly
    $600 14
(Joyce: What is the St. Charles?)

the Delaware (River)

JoyceKelly
    $600 3
(Jarrett: What is bubble wrap?)

Stove Top Stuffing

Jarrett!
Triple Stumper
    $600 18
Wonder Woman

Jarrett!
    $800 24
(Kelly: Who is Galileo?)

(Giovanni) Cassini

Jarrett!Kelly
    $800 9
a flare-up

Kelly
    $800 15
New Mexico

Joyce
    $800 4
Joan Rivers

Joyce
    $800 22
seahorse

Kelly
    $1,200 25
(Alex: Jarrett?)
(Jarrett: Who is King Arthur?)
(Alex: No, you had to think Braveheart. [*].)
[The end-of-round signal sounds.]

William Wallace

Jarrett!
    $1000 10
a shingle

Triple Stumper
    $1000 19
Utah

Kelly
    $1000 5
(Kelly: What is Mir?)

Skylab

Kelly
Triple Stumper
    $1000 23
(Joyce: What is the High Line?)
...
(Alex: A term you often hear regarding Philadelphia--the [*]. [*].)

Main Line

Joyce
Triple Stumper

Scores at the first commercial break (after clue 15):

Joyce Jarrett! Kelly
$800 -$600 $2,000

Scores at the end of the Jeopardy! Round:

Joyce Jarrett! Kelly
$600 $0 $3,000

Double Jeopardy! Round responses

CHEMISTRY
MEDALS & DECORATIONS
SONG BOOKS
THEY OWN IT
HE'S CHEVY CHASE
& YOU'RE "NOT"
    $400 2
absolute zero

Jarrett!
    $400 5
(Kelly: What is Havana?)

Manila Bay

Jarrett!Kelly
    $400 12
Ice & Fire

Joyce
    $400 8
Burger King

Jarrett!
    $400 18
monotonous

Triple Stumper
    $800 1
reduction

Triple Stumper
    $800 6
lion

Triple Stumper
    $800 13
(Jarrett: What is Beloved?)

Song of Solomon

Jarrett!
Triple Stumper
    $800 9
UPS

Jarrett!
    $800 25
(Joyce: What is, uh, the time machine?)
(Alex: Be more specific.)
(Joyce: [*]. What is. Okay.)

the Hot Tub Time Machine

Joyce
    $800 19
forget-me-not

Kelly
    $1200 3
(Jarrett: What are salines?)
(Joyce: What are the noble gases?)

halogens

JoyceJarrett!
Triple Stumper
    $1200 7
(Alex: Been around for awhile, and it's a [*].)

propeller

Triple Stumper
    $1200 14
Nicholas Sparks

Kelly
    $1200 10
Nestlé

Jarrett!
    $1200 26
the Three Amigos

Kelly
    $1200 20
Huguenot

Jarrett!
    $1,000 4
(Jarrett: [No response])
(Alex: What are [*]?)
(Jarrett: Mm.)
(Alex: [*]. They had to cut back on them.)

centrifuges

Jarrett!
    $1600 21
(Kelly: What is a Bronze Star?)

a Purple Heart

Kelly
Triple Stumper
    $1600 15
(Joyce: Who was Joan of Arc?)

(St.) Bernadette

JoyceJarrett!
    $1600 11
Gap

Joyce
    $1600 27
Goldie Hawn

Triple Stumper
    $1600 23
waste not, want not

Triple Stumper
    $2000 24
yellow

Triple Stumper
    $2000 22
(Alex: The Queen of Sheba associated with [*].)

Ethiopia

Triple Stumper
    $1,800 17
(Joyce: Who is Laura Ingalls Wilder?)
(Alex: No, you picked the wrong one. Who is [*]? [*].)

Willa Cather

Joyce
    $2000 16
Facebook

Joyce
    $2000 28
[The end-of-round signal sounds.]

Caddyshack

Triple Stumper

Scores at the end of the Double Jeopardy! Round:

Joyce Jarrett! Kelly
$800 $3,000 $4,200

[wagering suggestions for these scores]

Final Jeopardy! Round responses

SONGS FROM MUSICALS
(Alex: [*] from The Sound of Music. "Doe, a deer, a female deer".)
...
[Kelly's grandfather applauds her victory.]
JoyceWhat is Do Re Mi
$800
Jarrett!What is A Spoonful of Sugar?
$1,201
KellyWhat is Do-Re-Mi?
$2,500
"Do-Re-Mi"

Final scores:

Joyce Jarrett! Kelly
$1,600 $1,799 $6,700
3rd place: $1,000 2nd place: $2,000 New champion: $6,700

Game dynamics:

Coryat scores:

Joyce Jarrett! Kelly
$2,600 $5,200 $4,200
9 R,
6 W
(including 1 DD)
12 R,
6 W
(including 2 DDs)
11 R,
4 W

Combined Coryat: $12,000

[game clues] [game scores] [suggest correction]

Game tape date: Unknown
The J! Archive is created by fans, for fans. Scraping, republication, monetization, and malicious use prohibited; this site may use cookies and collect identifying information. See terms. The Jeopardy! game show and all elements thereof, including but not limited to copyright and trademark thereto, are the property of Jeopardy Productions, Inc. and are protected under law. This website is not affiliated with, sponsored by, or operated by Jeopardy Productions, Inc. Join the discussion at JBoard.tv.